LEADER 00941nam0-22003251--450- 001 990007215940403321 005 20060124163209.0 035 $a000721594 035 $aFED01000721594 035 $a(Aleph)000721594FED01 035 $a000721594 100 $a20021021D1982----km-y0itay50------ba 101 0 $aita 102 $aIT 105 $ay---n---001yy 200 1 $aDiritti sindacali in azienda$eAssemblea-referendum-affissione-locali$fMario Meucci 210 $aMilano$cGiuffre'$d1982. 215 $aIV , 267 p.$d24 cm 225 1 $aCollana della rivista Lavoro e previdenza oggi$v1 676 $a344$v11 rid.$zita 700 1$aMeucci,$bMario$0126995 801 0$aIT$bUNINA$gRICA$2UNIMARC 901 $aBK 912 $a990007215940403321 952 $aB-III-61$b851 lav.$fDDRC 952 $aCollez. 368 (1)$b115620$fFGBC 959 $aDDRC 959 $aFGBC 996 $aDiritti sindacali in azienda$9688255 997 $aUNINA LEADER 01299cam--2200421---450- 001 990002455610203316 005 20131001101215.0 010 $a88-464-5631-9 035 $a000245561 035 $aUSA01000245561 035 $a(ALEPH)000245561USA01 035 $a000245561 100 $a20050727d2004----km-y0itay50------ba 101 0 $aita 102 $aIT 105 $ay|||z|||001yy 200 1 $aStoria dell'archivistica italiana$edal mondo antico alla metà del secolo XX$fElio Lodolini 205 $a3. ed 210 $aMilano$cAngeli$d2004 215 $a316 p.$d23 cm 225 2 $aTemi di storia$v23 410 0$12001$aTemi di storia$v23 606 0 $aArchivistica$xStoria$2BNCF 676 $a025.171409 700 1$aLODOLINI,$bElio$0169095 801 0$aIT$bsalbc$gISBD 912 $a990002455610203316 951 $aI.3.B. 28b(XIII B 181)$b177396 L.M.$cI.3.$d00115162 959 $aBK 969 $aUMA 979 $aCOPAT1$b90$c20050727$lUSA01$h0832 979 $aCOPAT1$b90$c20050804$lUSA01$h1731 979 $aRENATO$b90$c20051103$lUSA01$h1100 979 $aCHIARA$b90$c20060127$lUSA01$h1251 979 $aCOPAT6$b90$c20070424$lUSA01$h1624 979 $aANNAMARIA$b90$c20131001$lUSA01$h1012 996 $aStoria dell'archivistica italiana$9230790 997 $aUNISA